Bankopoisťovníctvo vo Francúzsku

Bankopoistenie - základný systém distribúcie životného a dôchodkového poistenia vo Francúzsku. Najväčšie bankopoisťovne vo Francúzsku a tempo rastu objemu predpísaného poistného. Rozširovanie činnosti bankopoisťovní aj na neživotné poistenia.

Salvato in:
Dettagli Bibliografici
Autore principale: Korauš, Antonín
Natura: Capitolo di libro
Lingua:slovacco
Soggetti:
Tags: Aggiungi Tag
Nessun Tag, puoi essere il primo ad aggiungerne!!

MARC

LEADER 00000naa a2200000 4500
001 r048115
005 20230918115132.3
041 0 |a slo 
044 |a SK 
245 1 0 |a Bankopoisťovníctvo vo Francúzsku  |c Anton Korauš 
520 |a Bankopoistenie - základný systém distribúcie životného a dôchodkového poistenia vo Francúzsku. Najväčšie bankopoisťovne vo Francúzsku a tempo rastu objemu predpísaného poistného. Rozširovanie činnosti bankopoisťovní aj na neživotné poistenia. 
610 2 0 |a bankopoisťovne 
610 2 0 |a poistenie dôchodkové 
610 2 0 |a poistenie neživotné 
610 2 0 |a poistenie životné 
610 2 0 |a Francúzsko 
100 1 |a Korauš, Antonín